000 00772nam a2200205Ii 4500
003 JO-AjNU
008 230605s9999||||xx |||||||||||||| ||und||
017 _a2013/9/3270
040 _aJO-AjNU
_bara
_erda
_cJO-AjNU
041 _aara
050 1 4 _aHJ6609.R32 2014
100 3 _aإعداد الردايده، مراد خالد مصلح,
_eauthor
_947234
245 0 0 _aالمبادئ في العمل الجمركي: مفاهيم - إجراءات - مصطلحات، الجزء الأول
264 3 1 _aعمان: د.ن، 2014
300 _aج1، 189ص
336 _atext
_btxt
_2rdacontent
337 _aunmediated
_bn
_2rdamedia
338 _avolume
_bnc
_2rdacarrier
650 4 _aالتجارة الخارجية - التعرفة الجمركية - الحمارك
_947235
999 _aA20605
_c24173
_d24173